[Event "Torre de Pedra 1st"]
[Site "Torre de Pedra"]
[Date "2012.08.17"]
[Round "9"]
[White "Faria, Marcio Roberto"]
[Black "Grillo, Cloves Moises"]
[Result "0-1"]
[WhiteElo "1617"]
[BlackElo "1691"]
[PlyCount "60"]
[EventDate "2012.07.28"]
[EventType "tourn"]
[EventRounds "18"]
[EventCountry "BRA"]
[SourceTitle "EXT 2013"]
[Source "ChessBase"]
[SourceDate "2012.11.22"]
[SourceVersion "1"]
[SourceVersionDate "2012.11.22"]
[SourceQuality "1"]

1. d4 f5 2. Nf3 Nf6 3. g3 g6 4. Bg2 Bg7 5. 0-0 0-0 6. c4 c6 7. Nc3 d5 8. Bf4 Nbd7 9. Ng5 Qe8 10. Ne6 Rf7 11. Nxg7 Kxg7 12. Be5 Nxe5 13. dxe5 Ng4 14. f4 Ne3 15. Qd2 Nxf1 16. Rxf1 dxc4 17. e4 Be6 18. exf5 Bxf5 19. Ne4 Bxe4 20. Bxe4 Qd8 21. Qc3 e6 22. Qxc4 Qd7 23. b4 Rd8 24. b5 Qd4+ 25. Qxd4 Rxd4 26. Bf3 cxb5 27. Rc1 Rfd7 28. Rc5 a6 29. Kf2 Rd2+ 30. Ke3 Rxa2 0-1

[Event "Torre de Pedra 1st"]
[Site "Torre de Pedra"]
[Date "2012.08.10"]
[Round "6"]
[White "Grillo, Cloves Moises"]
[Black "Pires, Thales de Almeida"]
[Result "0-1"]
[WhiteElo "1691"]
[BlackElo "1840"]
[PlyCount "82"]
[EventDate "2012.07.28"]
[EventType "tourn"]
[EventRounds "18"]
[EventCountry "BRA"]
[SourceTitle "EXT 2013"]
[Source "ChessBase"]
[SourceDate "2012.11.22"]
[SourceVersion "1"]
[SourceVersionDate "2012.11.22"]
[SourceQuality "1"]

1. e4 c5 2. Nf3 e6 3. d4 cxd4 4. Nxd4 a6 5. Bd3 Bc5 6. Nb3 Ba7 7. 0-0 Nc6 8. Qg4 Qf6 9. Nc3 b5 10. Bg5 Qg6 11. Qf4 f6 12. Bh4 Ne5 13. Rad1 b4 14. Ne2 Qh5 15. Bg3 Nxd3 16. Rxd3 Qxe2 17. Rfd1 e5 18. Qf3 Qxf3 19. Rxf3 d5 20. Rfd3 Bg4 21. Re1 dxe4 22. Rd6 Ke7 23. Rc6 Nh6 24. Rc7+ Bd7 25. Rxe4 Rhc8 26. Rec4 Nf5 27. Rxc8 Rxc8 28. Rxc8 Bxc8 29. c3 bxc3 30. bxc3 Nxg3 31. hxg3 Be6 32. Kf1 Bxb3 33. axb3 f5 34. Ke2 Kd6 35. Kd3 Kd5 36. c4+ Kc5 37. Kc3 a5 38. f3 g5 39. Kd3 Kb4 40. Kc2 a4 41. bxa4 Kxc4 0-1

[Event "Torre de Pedra 1st"]
[Site "Torre de Pedra"]
[Date "2012.08.05"]
[Round "5"]
[White "Pires, Thales de Almeida"]
[Black "Grillo, Cloves Moises"]
[Result "1-0"]
[WhiteElo "1840"]
[BlackElo "1691"]
[PlyCount "51"]
[EventDate "2012.07.28"]
[EventType "tourn"]
[EventRounds "18"]
[EventCountry "BRA"]
[SourceTitle "EXT 2013"]
[Source "ChessBase"]
[SourceDate "2012.11.22"]
[SourceVersion "1"]
[SourceVersionDate "2012.11.22"]
[SourceQuality "1"]

1. e4 c5 2. Be2 d6 3. Nf3 Nf6 4. c3 Nc6 5. d4 Nxe4 6. d5 Ne5 7. Qa4+ Bd7 8. Qxe4 Nxf3+ 9. Bxf3 g6 10. h4 Bg7 11. Be2 0-0 12. h5 Rc8 13. hxg6 fxg6 14. Qh4 h5 15. g4 hxg4 16. Bd3 Bf5 17. Qh7+ Kf7 18. Bxf5 gxf5 19. Bh6 Rg8 20. Bxg7 Rxg7 21. Qxf5+ Kg8 22. Qe6+ Rf7 23. Qxg4+ Rg7 24. Qe6+ Rf7 25. Nd2 Qf8 26. 0-0-0 1-0

[Event "Itu LCX 22nd"]
[Site "Itu"]
[Date "2011.03.28"]
[Round "4"]
[White "Grillo, Cloves Moises"]
[Black "Milanelo, Carlos Alberto"]
[Result "1/2-1/2"]
[WhiteElo "1725"]
[BlackElo "1698"]
[PlyCount "51"]
[EventDate "2011.03.23"]
[EventType "tourn"]
[EventRounds "11"]
[EventCountry "BRA"]
[SourceTitle "EXT 2022"]
[Source "ChessBase"]
[SourceDate "2021.10.06"]
[SourceVersion "1"]
[SourceVersionDate "2021.10.06"]
[SourceQuality "1"]

1. d4 Nf6 2. c4 e6 3. Nc3 d5 4. Bg5 Be7 5. e3 c6 6. Nf3 0-0 7. cxd5 Nxd5 8. Bxe7 Qxe7 9. Nxd5 exd5 10. Bd3 Qb4+ 11. Qd2 Qxd2+ 12. Kxd2 Bg4 13. Ne1 Nd7 14. h3 Bh5 15. b4 a5 16. b5 c5 17. dxc5 Nxc5 18. Nc2 Nxd3 19. Kxd3 Bg6+ 20. Kd2 Bxc2 21. Kxc2 Rac8+ 22. Kd3 Rc5 23. a4 Rfc8 24. Rhd1 Rc3+ 25. Ke2 Rc2+ 26. Kf3 1/2-1/2

[Event "Campinas Oficina do Estudante 21st LCX"]
[Site "Campinas"]
[Date "2010.10.23"]
[Round "11"]
[White "Grillo, Cloves Moises"]
[Black "Pozza, Thiago Souza"]
[Result "0-1"]
[WhiteElo "1869"]
[BlackElo "1709"]
[PlyCount "26"]
[EventDate "2010.10.09"]
[EventType "tourn"]
[EventRounds "13"]
[EventCountry "BRA"]
[SourceTitle "EXT 2022"]
[Source "ChessBase"]
[SourceDate "2021.10.06"]
[SourceVersion "1"]
[SourceVersionDate "2021.10.06"]
[SourceQuality "1"]

1. d4 d5 2. c4 c6 3. Nc3 e6 4. cxd5 cxd5 5. e3 Nf6 6. Bb5+ Bd7 7. Bxd7+ Qxd7 8. Nf3 Bd6 9. 0-0 0-0 10. Bd2 Nc6 11. Qb3 Na5 12. Qc2 Rac8 13. b4 Bxb4 0-1

[Event "Campinas Oficina do Estudante 21st LCX"]
[Site "Campinas"]
[Date "2010.10.09"]
[Round "1"]
[White "Mecking, Henrique"]
[Black "Grillo, Cloves Moises"]
[Result "1-0"]
[WhiteElo "2548"]
[BlackElo "1869"]
[PlyCount "69"]
[EventDate "2010.10.09"]
[EventType "tourn"]
[EventRounds "13"]
[EventCountry "BRA"]
[SourceTitle "EXT 2022"]
[Source "ChessBase"]
[SourceDate "2021.10.06"]
[SourceVersion "1"]
[SourceVersionDate "2021.10.06"]
[SourceQuality "1"]

1. d4 f5 2. c4 Nf6 3. g3 g6 4. Bg2 Bg7 5. Nc3 d6 6. d5 0-0 7. Nh3 Qe8 8. Nf4 Na6 9. 0-0 Nc5 10. Nb5 Qd8 11. Nd4 Qe8 12. b4 e5 13. dxe6 Nxe6 14. Bxb7 Bxb7 15. Ndxe6 Qc6 16. f3 Ng4 17. Nxg7 Kxg7 18. Ne6+ Kf7 19. Nxf8 Rxf8 20. Qd5+ Qxd5 21. cxd5 Ne5 22. Rd1 Re8 23. Kf2 Nd7 24. Be3 Nb6 25. Bxb6 cxb6 26. Rac1 Ba6 27. Rc7+ Kf6 28. e3 Re7 29. Rxe7 Kxe7 30. Rc1 Kd7 31. a4 Bd3 32. b5 g5 33. e4 fxe4 34. Ke3 exf3 35. Kxd3 1-0

[Event "Itu LCX 20th"]
[Site "Itu"]
[Date "2010.08.23"]
[Round "9"]
[White "Goncalves, Henrique Machado"]
[Black "Grillo, Cloves Moises"]
[Result "1/2-1/2"]
[WhiteElo "1636"]
[BlackElo "1869"]
[PlyCount "55"]
[EventDate "2010.08.14"]
[EventType "tourn"]
[EventRounds "13"]
[EventCountry "BRA"]
[SourceTitle "EXT 2022"]
[Source "ChessBase"]
[SourceDate "2021.10.06"]
[SourceVersion "1"]
[SourceVersionDate "2021.10.06"]
[SourceQuality "1"]

1. d4 d5 2. c4 e6 3. Nc3 Nf6 4. Bg5 Be7 5. e3 Nbd7 6. Nf3 0-0 7. cxd5 exd5 8. Bd3 c6 9. 0-0 Ne4 10. Bxe7 Qxe7 11. Qc2 Ndf6 12. Nd2 Nxd2 13. Qxd2 Ne4 14. Bxe4 dxe4 15. Qc2 f5 16. Rac1 Be6 17. b3 Rad8 18. Rfd1 Bd5 19. Rf1 Rf6 20. Nxd5 Rxd5 21. f4 Rf8 22. Qe2 c5 23. dxc5 Rxc5 24. Rxc5 Qxc5 25. Qd2 h6 26. Rc1 Qb6 27. Qd5+ Kh8 28. Qc5 1/2-1/2

[Event "Itu LCX 20th"]
[Site "Itu"]
[Date "2010.08.17"]
[Round "6"]
[White "Grillo, Cloves Moises"]
[Black "Milanelo, Carlos Alberto"]
[Result "1-0"]
[WhiteElo "1869"]
[BlackElo "1870"]
[PlyCount "89"]
[EventDate "2010.08.14"]
[EventType "tourn"]
[EventRounds "13"]
[EventCountry "BRA"]
[SourceTitle "EXT 2022"]
[Source "ChessBase"]
[SourceDate "2021.10.06"]
[SourceVersion "1"]
[SourceVersionDate "2021.10.06"]
[SourceQuality "1"]

1. d4 Nf6 2. c4 e6 3. Nc3 Bb4 4. Bd2 b6 5. e3 Bb7 6. Nf3 0-0 7. Be2 Bxc3 8. Bxc3 Ne4 9. 0-0 Nxc3 10. bxc3 c6 11. e4 d5 12. Qc2 dxc4 13. Bxc4 Nd7 14. e5 c5 15. Qe2 Bxf3 16. Qxf3 Rc8 17. Bd3 cxd4 18. cxd4 Nb8 19. Rad1 Nc6 20. Bb1 g6 21. Rfe1 Ne7 22. Be4 Nd5 23. Bxd5 Qxd5 24. Qxd5 exd5 25. Rc1 Rc4 26. Rxc4 dxc4 27. d5 Rd8 28. d6 Kf8 29. f4 b5 30. Kf2 Ke8 31. Ke3 Kd7 32. Kd4 Ke6 33. g4 Rc8 34. f5+ gxf5 35. gxf5+ Kxf5 36. Rf1+ Kg6 37. Rf6+ Kg7 38. Rf3 Kg6 39. Kd5 c3 40. d7 Rd8 41. e6 c2 42. Rg3+ Kf6 43. Rf3+ Kg6 44. Rc3 fxe6+ 45. Kxe6 1-0

[Event "Itu LCX 19th"]
[Site "Itu"]
[Date "2010.05.21"]
[Round "7"]
[White "Grillo, Cloves Moises"]
[Black "Faria, Marcio Roberto"]
[Result "0-1"]
[WhiteElo "1725"]
[BlackElo "1765"]
[PlyCount "74"]
[EventDate "2010.05.15"]
[EventType "tourn"]
[EventRounds "11"]
[EventCountry "BRA"]
[SourceTitle "EXT 2022"]
[Source "ChessBase"]
[SourceDate "2021.10.06"]
[SourceVersion "1"]
[SourceVersionDate "2021.10.06"]
[SourceQuality "1"]

1. d4 d5 2. c4 e6 3. Nf3 Nf6 4. Bg5 c6 5. cxd5 exd5 6. Qc2 Be7 7. e3 0-0 8. Bd3 Nbd7 9. Nc3 Re8 10. 0-0 Nf8 11. Rab1 Bg4 12. Ne5 Bh5 13. b4 Ng6 14. Nxg6 Bxg6 15. Bxg6 hxg6 16. b5 Rc8 17. Qa4 cxb5 18. Nxb5 a6 19. Na3 Bxa3 20. Qxa3 Qd7 21. Bxf6 gxf6 22. Rfc1 Rc4 23. Qb3 Rec8 24. Rxc4 Rxc4 25. g3 b5 26. Rb2 Qe6 27. Rc2 Qf5 28. Rxc4 dxc4 29. Qb4 Qd3 30. a4 c3 31. Qe7 Qd1+ 32. Kg2 c2 33. Qe8+ Kg7 34. axb5 c1Q 35. bxa6 Qh1+ 36. Kh3 Qcf1+ 37. Kg4 Qc4 0-1